[Event "Reykjavik Open 2013"]
[Site "Reykjavik ISL"]
[Date "2013.02.21"]
[Round "4.21"]
[White "Amin, Bassem"]
[Black "Gislason, Gudmundur"]
[Result "1-0"]
[WhiteTitle "GM"]
[BlackTitle "FM"]
[WhiteElo "2631"]
[BlackElo "2329"]
[WhiteFideId "10601457"]
[BlackFideId "2300559"]
[EventDate "2013.02.19"]

1. e4 c5 2. Nf3 e6 3. d3 Nc6 4. g3 g6 5. Bg2 Bg7 6. O-O Nge7 7. c3 O-O 8. d4
cxd4 9. cxd4 d5 10. e5 Qb6 11. Nc3 a6 12. b3 Nf5 13. Na4 Qb4 14. Kh1 f6 15. a3
Qa5 16. g4 Nfe7 17. exf6 Rxf6 18. Bg5 Rf7 19. Rc1 h6 20. Be3 Qd8 21. Nc5 g5 22.
Ng1 Ng6 23. Ne2 Nh4 24. h3 Nxg2 25. Kxg2 e5 26. dxe5 Nxe5 27. f4 Ng6 28. f5 Nh4+
29. Kg1 Qd6 30. Qd3 b6 31. Ne4 Qxa3 32. Nxg5 hxg5 33. Bxg5 a5 34. Bxh4 Ba6 35.
Qxd5 Bb7 36. Qe6 a4 37. Rc7 Rf8 38. Rxb7 axb3 39. Be7 Qa8 40. Bxf8 1-0

[Event "Reykjavik Open 2013"]
[Site "Reykjavik ISL"]
[Date "2013.02.21"]
[Round "4.23"]
[White "Maze, Sebastien"]
[Black "Prosviriakov, Vladimir"]
[Result "1-0"]
[WhiteTitle "GM"]
[BlackTitle "IM"]
[WhiteElo "2556"]
[BlackElo "2297"]
[WhiteFideId "613762"]
[BlackFideId "2004860"]
[EventDate "2013.02.19"]

1. e4 e5 2. Nf3 Nc6 3. Bb5 Nd4 4. Nxd4 exd4 5. O-O Bc5 6. Bc4 d6 7. d3 Be6 8.
Bxe6 fxe6 9. c3 Qd7 10. c4 Ne7 11. Qg4 Ng6 12. Nd2 e5 13. Qxd7+ Kxd7 14. g3 Raf8
15. Kg2 Rf7 16. Nf3 h6 17. Bd2 Rhf8 18. Ng1 Bb6 19. h4 c6 20. h5 Ne7 21. Rae1
Bc7 22. f4 exf4 23. Bxf4 d5 24. e5 Ke6 25. c5 Ba5 26. Nf3 Nf5 27. Rb1 Bb4 28.
Rbc1 Ne3+ 29. Kf2 Nxf1 30. Kxf1 Ke7 31. Kg2 Rg8 32. a3 Ba5 33. Rh1 Bc7 34. Nxd4
g5 35. hxg6 Rxg6 36. Ne2 Rf5 37. d4 b6 38. b4 bxc5 39. bxc5 Rf8 40. Bxh6 Rb8 41.
Bc1 Rg7 42. Rh6 Kd7 43. Nf4 Rb3 44. Nh5 Re7 45. Bg5 Re6 46. Rh7+ Kc8 47. Rh8+
Kb7 48. Nf4 Rxe5 49. dxe5 Bxe5 50. Re8 Bc7 51. Re7 Rxa3 52. Ne6 Rxg3+ 53. Kf2
Kb8 54. Rxc7 Rxg5 55. Rxc6 Re5 56. Nd4 Kb7 57. Rd6 a5 58. Rb6+ Kc8 59. c6 Re8
60. Ra6 Kb8 61. Rxa5 Kc7 62. Rxd5 Re7 63. Kf3 Rh7 64. Ke4 Re7+ 65. Re5 Rh7 66.
Kd5 Rf7 67. Ke4 1-0

[Event "Reykjavik Open 2013"]
[Site "Reykjavik ISL"]
[Date "2013.02.21"]
[Round "4.24"]
[White "Kvisvik, Brede"]
[Black "Xiu, Deshun"]
[Result "0-1"]
[WhiteTitle "FM"]
[BlackTitle "GM"]
[WhiteElo "2314"]
[BlackElo "2530"]
[WhiteFideId "1502999"]
[BlackFideId "8603693"]
[EventDate "2013.02.19"]

1. e4 c5 2. Ne2 Nc6 3. d4 cxd4 4. Nxd4 g6 5. c4 Nf6 6. Nc3 d6 7. f3 Bg7 8. Be3
O-O 9. Be2 Bd7 10. Nb3 Be6 11. O-O Na5 12. Nd5 Rc8 13. Nxe7+ Qxe7 14. Nxa5 b6
15. Nb3 Bxc4 16. Bxc4 Rxc4 17. Qd3 Rfc8 18. Bd4 Nh5 19. Bxg7 Kxg7 20. Rac1 Nf4
21. Qd2 Qe5 22. Rxc4 Rxc4 23. Rd1 a5 24. Qxd6 Qxd6 25. Rxd6 a4 26. Nd2 Rc2 27.
g3 Ne6 28. Kf2 Rxb2 29. Ke3 b5 30. a3 Ra2 31. Rd3 Nc5 32. Rc3 Nb3 33. Nxb3 Rxa3
34. Kd2 b4 35. Re3 axb3 36. Re1 Ra2+ 37. Kd3 Rxh2 38. Rb1 b2 39. e5 h5 40. Ke3
Rc2 41. Ke4 Kf8 42. f4 Ke7 43. f5 gxf5+ 44. Kxf5 Rf2+ 45. Ke4 Ke6 46. Rh1 Rc2
47. Rb1 b3 48. Kd4 0-1

[Event "Reykjavik Open 2013"]
[Site "Reykjavik ISL"]
[Date "2013.02.21"]
[Round "4.25"]
[White "Saduakassova, Dinara"]
[Black "Danielsen, Henrik"]
[Result "0-1"]
[WhiteTitle "WGM"]
[BlackTitle "GM"]
[WhiteElo "2312"]
[BlackElo "2507"]
[WhiteFideId "13700090"]
[BlackFideId "1400185"]
[EventDate "2013.02.19"]

1. d4 d6 2. Nf3 g6 3. e4 Bg7 4. Nc3 a6 5. a4 b6 6. Bc4 e6 7. Bg5 Ne7 8. Qd2 h6
9. Be3 Nd7 10. Ng1 Bb7 11. Nge2 d5 12. exd5 exd5 13. Bb3 Kf8 14. O-O Kg8 15. Nf4
c6 16. Nce2 Nf6 17. f3 Nf5 18. Bf2 h5 19. c4 Bh6 20. Qc3 Kg7 21. Bc2 Qd7 22. Nd3
dxc4 23. Ne5 Qe6 24. Nxc4 Nd5 25. Qb3 Nfe3 26. Rfe1 Nxc4 27. Qxc4 Bd2 28. Red1
Be3 29. Qb3 Rhe8 30. Rf1 a5 31. Be4 Bxf2+ 32. Rxf2 Nb4 33. Qc3 f5 34. d5+ Qf6
35. Nd4 cxd5 36. Bxf5 gxf5 37. Qc7+ Kh8 38. Nb5 Re7 0-1

[Event "Reykjavik Open 2013"]
[Site "Reykjavik ISL"]
[Date "2013.02.21"]
[Round "4.26"]
[White "Ptacnikova, Lenka"]
[Black "Williams, Simon K"]
[Result "1/2-1/2"]
[WhiteTitle "WGM"]
[BlackTitle "GM"]
[WhiteElo "2269"]
[BlackElo "2498"]
[WhiteFideId "305650"]
[BlackFideId "404454"]
[EventDate "2013.02.19"]

1. Nf3 f5 2. c4 Nf6 3. g3 d6 4. d4 e6 5. Bg2 Be7 6. Nc3 O-O 7. O-O a5 8. b3 Ne4
9. Qc2 Nxc3 10. Qxc3 Bf6 11. Bb2 Nc6 12. Qd2 e5 13. dxe5 dxe5 14. Qxd8 Rxd8 15.
Rfd1 Rxd1+ 16. Rxd1 Kf7 17. Ne1 e4 18. Bxf6 Kxf6 19. Nc2 Be6 20. a4 Rd8 21. Rxd8
Nxd8 22. f3 exf3 23. exf3 Ke5 24. f4+ Kd6 25. Kf2 Kc5 26. Ke3 Bf7 27. Bf3 c6 28.
Nd4 Kb4 29. Bd1 g6 30. Kd3 Ne6 31. Nxe6 Bxe6 32. Kd4 Bg8 33. Bc2 c5+ 34. Kd3 Be6
35. Bd1 Bd7 36. Kc2 Bc6 37. g4 fxg4 38. Bxg4 Be4+ 39. Kb2 Bf5 40. Bf3 b6 41. Be2
Bh3 42. Bf3 1/2-1/2

[Event "Reykjavik Open 2013"]
[Site "Reykjavik ISL"]
[Date "2013.02.21"]
[Round "4.27"]
[White "Smith, Axel"]
[Black "Tari, Aryan"]
[Result "1-0"]
[WhiteTitle "IM"]
[WhiteElo "2485"]
[BlackElo "2263"]
[WhiteFideId "1707930"]
[BlackFideId "1510045"]
[EventDate "2013.02.19"]

1. c4 e5 2. Nc3 Bb4 3. Nd5 Bc5 4. Nf3 Ne7 5. b4 Bd6 6. Nxe7 Bxe7 7. Nxe5 Bxb4 8.
Bb2 O-O 9. g3 Nc6 10. Bg2 Nxe5 11. Bxe5 Re8 12. Bb2 d6 13. e3 c6 14. O-O Be6 15.
Qc2 Qd7 16. Bxg7 Bxd2 17. Bf6 Ba5 18. Be4 h5 19. Bh7+ Kf8 20. Qb2 Qc7 21. Bg5 1-0

[Event "Reykjavik Open 2013"]
[Site "Reykjavik ISL"]
[Date "2013.02.21"]
[Round "4.28"]
[White "Borsos, Bogdan"]
[Black "Huang, Qian"]
[Result "1-0"]
[WhiteTitle "IM"]
[BlackTitle "WGM"]
[WhiteElo "2260"]
[BlackElo "2478"]
[WhiteFideId "14100568"]
[BlackFideId "8602689"]
[EventDate "2013.02.19"]

1. e4 c5 2. c3 d5 3. exd5 Qxd5 4. d4 Nf6 5. Nf3 Bg4 6. Be2 e6 7. h3 Bh5 8. Be3
cxd4 9. cxd4 Nc6 10. Nc3 Qd6 11. Qb3 Qb4 12. g4 Bg6 13. Ne5 Be4 14. O-O Bd5 15.
Nxd5 Nxd5 16. Bb5 Rc8 17. Rfc1 Nxe3 18. fxe3 Bd6 19. Qxb4 Bxb4 20. Rc4 Bd6 21.
Bxc6+ bxc6 22. Rxc6 Rxc6 23. Nxc6 Kd7 24. Rc1 Rc8 25. Ne5+ Bxe5 26. Rxc8 Kxc8
27. dxe5 Kc7 28. Kf2 Kc6 29. Ke2 Kd5 30. Kd3 Kxe5 31. b4 f5 32. b5 Kd5 33. gxf5
exf5 34. h4 g6 35. Kc3 Kc5 36. Kd3 Kxb5 37. Kd4 Kb4 38. h5 gxh5 39. Ke5 h4 40.
Kf4 Ka3 1-0

[Event "Reykjavik Open 2013"]
[Site "Reykjavik ISL"]
[Date "2013.02.21"]
[Round "4.30"]
[White "Karason, Askell O"]
[Black "Hambleton, Aman"]
[Result "1/2-1/2"]
[BlackTitle "FM"]
[WhiteElo "2235"]
[BlackElo "2472"]
[WhiteFideId "2300567"]
[BlackFideId "2606577"]
[EventDate "2013.02.19"]

1. c4 c5 2. g3 Nf6 3. Bg2 e6 4. Nf3 Qc7 5. O-O a6 6. Nc3 d6 7. b3 b6 8. d4 cxd4
9. Qxd4 Bb7 10. Bb2 Nbd7 11. Rfd1 Be7 12. Ng5 Bxg2 13. Kxg2 O-O 14. Nge4 Rfd8
15. Rac1 Qb7 16. f3 Nc5 17. Nxf6+ Bxf6 18. Qf2 b5 19. b4 bxc4 20. bxc5 Qxb2 21.
Na4 Qxa2 22. Nb6 Rab8 23. c6 Rxb6 24. Qxb6 Qxe2+ 25. Kg1 Qxf3 26. c7 Rf8 27.
Rxd6 Bg5 28. Re1 Qa8 29. Qxa6 Qf3 30. Rdxe6 fxe6 31. Qxe6+ Kh8 32. c8=Q Qf2+ 33.
Kh1 Qxe1+ 34. Qxe1 Rxc8 35. Qe6 Rg8 36. Qxc4 Bf6 1/2-1/2

[Event "Reykjavik Open 2013"]
[Site "Reykjavik ISL"]
[Date "2013.02.21"]
[Round "4.31"]
[White "Wang, Yiye"]
[Black "Lou, Yiping"]
[Result "1/2-1/2"]
[BlackTitle "IM"]
[WhiteElo "2226"]
[BlackElo "2468"]
[WhiteFideId "8606021"]
[BlackFideId "8603928"]
[EventDate "2013.02.19"]

1. e4 c6 2. Nc3 d5 3. Nf3 Bg4 4. h3 Bxf3 5. Qxf3 Nf6 6. d4 dxe4 7. Qe3 Nbd7 8.
Nxe4 Nxe4 9. Qxe4 Nf6 10. Qd3 e6 11. Be2 Bd6 12. c3 h6 13. Bd2 Qc7 14. O-O Bh2+
15. Kh1 Bf4 16. Bxf4 Qxf4 17. Qf3 Qd6 18. Rfe1 O-O 19. Bc4 b5 20. Bd3 b4 21. Re5
a5 22. Rd1 bxc3 23. bxc3 Qa3 24. Bc4 Nd5 25. Kh2 Rfc8 26. Rd3 Nb6 27. Rc5 Nxc4
28. Rxc4 Qxa2 29. Rxc6 Qd5 30. Rxc8+ Rxc8 31. Qxd5 exd5 32. Rd2 Rxc3 33. Ra2 Rc4
34. Rxa5 Rxd4 35. g3 g5 36. Kg2 Kg7 37. g4 Rd3 38. Rb5 Kg6 39. Rb6+ f6 40. Rd6
d4 41. f3 Kf7 42. Rd7+ Ke6 43. Rh7 Rd2+ 44. Kf1 d3 45. Rxh6 Rh2 46. Ke1 Ke5 47.
Kd1 Rf2 48. h4 gxh4 49. Rxh4 Rxf3 50. Rh6 Ke4 51. Rh8 Rf1+ 52. Kd2 Rf2+ 53. Kd1
Rf4 54. Kd2 Rf2+ 55. Kd1 Kf3 56. Rh3+ Kxg4 1/2-1/2

[Event "Reykjavik Open 2013"]
[Site "Reykjavik ISL"]
[Date "2013.02.21"]
[Round "4.32"]
[White "Bird, Andrew"]
[Black "Tan, Zhongyi"]
[Result "0-1"]
[BlackTitle "WGM"]
[WhiteElo "2223"]
[BlackElo "2466"]
[WhiteFideId "3204502"]
[BlackFideId "8603642"]
[EventDate "2013.02.19"]

1. e4 d6 2. d4 Nf6 3. Nc3 g6 4. Nf3 Bg7 5. Be2 O-O 6. O-O a6 7. Re1 b5 8. e5
dxe5 9. Nxe5 Bb7 10. Bf3 Qc8 11. Nd3 e6 12. a4 Nbd7 13. axb5 axb5 14. Rxa8 Qxa8
15. Nxb5 Bxf3 16. Qxf3 Qa4 17. Na3 Qxd4 18. Be3 Qa4 19. Qf4 Qc6 20. Qc4 Qb7 21.
Bd4 Rd8 22. Bc3 Nb6 23. Qh4 Nbd5 24. Be5 Qa8 25. c4 Nb6 26. Nc5 Qa5 27. Ra1 Qxc5
28. Bxf6 Rd2 29. Rb1 Qf5 0-1

[Event "Reykjavik Open 2013"]
[Site "Reykjavik ISL"]
[Date "2013.02.21"]
[Round "4.33"]
[White "Andersen, Mads"]
[Black "Van Weersel, Arlette"]
[Result "1-0"]
[WhiteTitle "IM"]
[BlackTitle "WIM"]
[WhiteElo "2462"]
[BlackElo "2211"]
[WhiteFideId "1413864"]
[BlackFideId "1009877"]
[EventDate "2013.02.19"]

1. d4 Nf6 2. c4 g6 3. Nc3 d5 4. Nf3 Bg7 5. Qb3 dxc4 6. Qxc4 O-O 7. e4 Be6 8. Qd3
c5 9. d5 Bc8 10. Be3 b6 11. Qd2 Ng4 12. Bg5 f6 13. Bh4 e5 14. Be2 a6 15. a4 Qd6
16. Qd1 Nh6 17. Nd2 Nf7 18. O-O Qd8 19. Bg4 Nd6 20. Bxc8 Qxc8 21. Qe2 c4 22. f3
Nd7 23. Bf2 b5 24. Na2 Bh6 25. axb5 axb5 26. Nb4 Rxa1 27. Rxa1 c3 28. Nf1 cxb2
29. Qxb2 f5 30. Nc6 Re8 31. Ng3 Nf6 32. Qb4 Bf8 33. Bc5 Qd7 34. Ra7 Nb7 35. Bxf8
Rxf8 36. Qxb5 Rf7 37. Qb4 fxe4 38. Nxe5 Nxd5 39. Nxd7 Nxb4 40. Rxb7 exf3 41.
Rb8+ Kg7 42. Ne5 f2+ 43. Kf1 Rf4 44. Rb7+ Kf6 45. Nf3 Nd3 46. Rb3 Nc5 47. Rc3
Ne6 48. Kxf2 h5 49. Ke3 Ra4 50. Ne4+ Ke7 51. Nc5 Ra2 52. Nxe6 Kxe6 53. g3 Kf6
54. Rc6+ Kg7 55. h4 Ra3+ 56. Kf2 Ra2+ 57. Kf1 Ra3 58. Kg2 Ra2+ 59. Kh3 Re2 60.
Nd4 Re1 61. Ne6+ Kh6 62. Ra6 Kh7 63. Nf8+ 1-0

[Event "Reykjavik Open 2013"]
[Site "Reykjavik ISL"]
[Date "2013.02.21"]
[Round "4.34"]
[White "Frisk, Ellinor"]
[Black "Schreiner, Peter"]
[Result "0-1"]
[WhiteTitle "WF"]
[BlackTitle "IM"]
[WhiteElo "2197"]
[BlackElo "2439"]
[WhiteFideId "1708481"]
[BlackFideId "1621645"]
[EventDate "2013.02.19"]

1. e4 c5 2. Nf3 Nc6 3. d4 cxd4 4. Nxd4 g6 5. c4 Nf6 6. Nc3 d6 7. Nc2 Bg7 8. Be2
O-O 9. O-O Nd7 10. Bd2 Nc5 11. b4 Ne6 12. Rc1 a5 13. a3 axb4 14. axb4 Ned4 15.
Nxd4 Nxd4 16. Be3 Nxe2+ 17. Qxe2 Be6 18. Rfd1 Qd7 19. Bd4 Bh6 20. Rc2 b5 21. Nd5
Bxd5 22. cxd5 Rfc8 23. Ra1 Rab8 24. Ra7 Rxc2 25. Qxc2 Rc8 26. Rxd7 Rxc2 27. Rd8+
Bf8 28. f3 f5 29. exf5 Kf7 30. fxg6+ hxg6 31. Rb8 Rc4 32. Be3 Rxb4 33. g4 Bg7
34. h4 Bf6 35. h5 gxh5 36. gxh5 Rb1+ 37. Kg2 Kg7 38. Kg3 b4 39. Kg4 b3 40. Kf5
b2 41. h6+ Kh7 0-1

[Event "Reykjavik Open 2013"]
[Site "Reykjavik ISL"]
[Date "2013.02.21"]
[Round "4.35"]
[White "Halldorsson, Bragi"]
[Black "Bartholomew, John"]
[Result "0-1"]
[BlackTitle "IM"]
[WhiteElo "2180"]
[BlackElo "2435"]
[WhiteFideId "2300907"]
[BlackFideId "2019353"]
[EventDate "2013.02.19"]

1. d4 d5 2. c4 e6 3. g3 dxc4 4. Bg2 c6 5. Nf3 b5 6. Ne5 Bb7 7. O-O Nf6 8. a4 a6
9. b3 cxb3 10. Qxb3 Qxd4 11. Bb2 Qb6 12. Nd2 Nbd7 13. Ne4 Nxe5 14. Bxe5 Nd7 15.
a5 Qa7 16. Nd6+ Bxd6 17. Bxd6 c5 18. e4 c4 19. Qc3 f6 20. Bh3 Kf7 21. Rfe1 Rhe8
22. Rad1 Kg8 23. Bf4 Nf8 24. Be3 Qb8 25. Bc5 Qc7 26. Qb4 Ng6 27. Bb6 Qe7 28. Rd6
Ne5 29. Bxe6+ Kh8 30. Red1 Bxe4 31. Bd5 Nf3+ 32. Kg2 Bxd5 33. R1xd5 Qe4 34. Kf1
Nxh2+ 35. Kg1 Nf3+ 36. Kf1 Qe2+ 37. Kg2 Ne1+ 38. Kh3 Qf1+ 39. Kg4 Qe2+ 40. Kh3
h5 0-1

[Event "Reykjavik Open 2013"]
[Site "Reykjavik ISL"]
[Date "2013.02.21"]
[Round "4.36"]
[White "Ornolfsson, Magnus P."]
[Black "Norowitz, Yaacov"]
[Result "0-1"]
[WhiteElo "2169"]
[BlackElo "2432"]
[WhiteFideId "2301016"]
[BlackFideId "2024799"]
[EventDate "2013.02.19"]

1. e4 c6 2. d4 d5 3. exd5 cxd5 4. Nf3 Nf6 5. Ne5 g6 6. Bd3 Nc6 7. c3 Bg7 8. Qe2
Nxe5 9. dxe5 Nd7 10. f4 O-O 11. Be3 b6 12. Nd2 Nc5 13. O-O a5 14. Bb5 a4 15. b4
axb3 16. axb3 Rxa1 17. Rxa1 f6 18. b4 Ne6 19. Nf3 Qc7 20. Qd3 fxe5 21. fxe5 Bb7
22. Ra7 Ra8 23. Rxa8+ Bxa8 24. Bd4 Bh6 25. g3 Nxd4 26. Qxd4 Bc1 27. c4 e6 28.
Qc3 Bh6 29. Qa3 Qd8 30. c5 bxc5 31. bxc5 Qf8 32. Nd4 Bb7 33. Nxe6 Qe7 34. Nf4
Bf8 35. Qc3 Qxc5+ 36. Qxc5 Bxc5+ 37. Kf1 Kf7 38. Nd3 Bd4 39. Bd7 Ba6 40. e6+ Kf6
41. Ke2 Bc3 42. Ba4 Kxe6 43. Bc2 Kf6 44. Kf3 Bb7 45. Kf2 g5 46. Ke2 h6 47. Kf2
Bc8 48. Ke3 Ba5 49. Bb3 Bb6+ 50. Kf3 Be6 51. g4 Ke7 52. h3 Kd6 53. Ba2 Bf7 54.
Bb3 Bg6 55. Ne1 Be4+ 56. Ke2 Ke5 57. Nd3+ Kd4 58. Bc2 Kc3 59. Bb1 Bd4 60. h4 Bb6
61. hxg5 hxg5 62. Ne5 Bxb1 0-1

[Event "Reykjavik Open 2013"]
[Site "Reykjavik ISL"]
[Date "2013.02.21"]
[Round "4.37"]
[White "Thorhallsson, Gylfi"]
[Black "Kjartansson, Gudmundur"]
[Result "0-1"]
[BlackTitle "IM"]
[WhiteElo "2141"]
[BlackElo "2430"]
[WhiteFideId "2300800"]
[BlackFideId "2301318"]
[EventDate "2013.02.19"]

1. e4 Nf6 2. e5 Nd5 3. d4 d6 4. c4 Nb6 5. exd6 exd6 6. Nf3 Be7 7. Be3 O-O 8. Be2
Bf5 9. Nc3 Bf6 10. O-O Nc6 11. Rc1 Re8 12. b3 d5 13. c5 Nc8 14. Qd2 h6 15. Bf4
N8e7 16. Rfe1 Ng6 17. Bb5 Rxe1+ 18. Rxe1 Nxf4 19. Qxf4 Be6 20. Bxc6 bxc6 21. Nd1
a5 22. Nb2 Qc8 23. h3 Bf5 24. Ne5 Bg5 25. Qf3 Qe6 26. Nbd3 Be4 27. Qd1 Re8 28.
f3 Bh7 29. Ng4 Qc8 30. f4 Bh4 31. Re2 Re4 32. Nde5 Qe6 33. Rxe4 dxe4 34. Ne3 f6
35. Qg4 Qxg4 36. N5xg4 Be1 37. Kf1 Bc3 38. d5 h5 39. d6 cxd6 40. cxd6 Kf7 41.
Nf2 Bd4 42. Ke2 Ke6 43. Nc4 Bc5 44. Nxa5 Bxd6 45. Nxc6 Bxf4 46. Nb4 Bd6 47. Nc2
f5 48. Nd1 g5 49. b4 f4 50. Nc3 Be5 51. Na4 Kd5 52. Nb6+ Kc6 53. Nc4 Bc3 54. a3
Bg8 55. Nd2 Bd5 56. Nb1 Bc4+ 57. Kf2 Be5 58. Ke1 e3 59. a4 Bb3 60. Nba3 Bxa4 61.
Ke2 Bb3 62. Kd3 Bd5 63. Nc4 Bxc4+ 0-1

[Event "Reykjavik Open 2013"]
[Site "Reykjavik ISL"]
[Date "2013.02.21"]
[Round "4.38"]
[White "Mikkelsen, Nikolaj"]
[Black "Bjerke, Richard"]
[Result "1-0"]
[WhiteTitle "IM"]
[BlackTitle "FM"]
[WhiteElo "2421"]
[BlackElo "2131"]
[WhiteFideId "1407970"]
[BlackFideId "1500252"]
[EventDate "2013.02.19"]

1. e4 e6 2. d4 d5 3. Nd2 c5 4. Ngf3 Nc6 5. dxc5 Bxc5 6. Bd3 Nf6 7. Qe2 dxe4 8.
Nxe4 Nxe4 9. Bxe4 Qb6 10. O-O Bd7 11. Rd1 Rd8 12. Bf4 h6 13. a3 O-O 14. b4 Nd4
15. Qe3 Nxf3+ 16. Qxf3 Bd4 17. c3 Bf6 18. Bxb7 Ba4 19. Rxd8 Rxd8 20. Be4 Rc8 21.
Rc1 Qb5 22. Bxh6 Qe5 23. Bd2 Rc4 24. Bd3 Bc6 25. Qg3 Qxg3 26. hxg3 Rg4 27. Be2
Rg6 28. Bh5 Bg5 29. Bxg6 Bxd2 30. Rd1 fxg6 31. Rxd2 Bd5 1-0

[Event "Reykjavik Open 2013"]
[Site "Reykjavik ISL"]
[Date "2013.02.21"]
[Round "4.39"]
[White "Herbold, Manfred"]
[Black "Zumsande, Martin"]
[Result "0-1"]
[WhiteTitle "CM"]
[BlackTitle "IM"]
[WhiteElo "2125"]
[BlackElo "2419"]
[WhiteFideId "4682882"]
[BlackFideId "4651324"]
[EventDate "2013.02.19"]

1. e4 e6 2. d4 d5 3. Nc3 Nf6 4. Bg5 dxe4 5. Nxe4 Be7 6. Bxf6 gxf6 7. c3 f5 8.
Nd2 c5 9. dxc5 Bxc5 10. Nb3 Qxd1+ 11. Rxd1 Bb6 12. Nf3 Nc6 13. g3 Bd7 14. Bg2
Rg8 15. Nfd4 Nxd4 16. Nxd4 O-O-O 17. O-O f4 18. Rfe1 h5 19. Kh1 fxg3 20. hxg3 h4
21. gxh4 Rh8 22. Nf3 Rdg8 23. Re4 Bc6 24. Rc4 Kb8 25. Rxc6 bxc6 26. Kg1 Rh5 27.
Re1 Rf5 28. Kf1 Rg4 29. Rd1 Rgf4 30. Nd4 Rxf2+ 31. Kg1 Rxb2 32. Kh1 Rf4 33.
Nxc6+ Kc7 0-1

[Event "Reykjavik Open 2013"]
[Site "Reykjavik ISL"]
[Date "2013.02.21"]
[Round "4.40"]
[White "Bekker-Jensen, Simon"]
[Black "Van Heirzeele, Daniel"]
[Result "1-0"]
[WhiteTitle "IM"]
[WhiteElo "2405"]
[BlackElo "2125"]
[WhiteFideId "1403613"]
[BlackFideId "200425"]
[EventDate "2013.02.19"]

1. d4 Nf6 2. c4 e6 3. Nc3 Bb4 4. e3 O-O 5. Ne2 d5 6. a3 Bd6 7. Ng3 b6 8. b4 Re8
9. Bd3 c5 10. dxc5 bxc5 11. bxc5 Bxc5 12. cxd5 exd5 13. O-O Nc6 14. Bb5 Bb7 15.
Qa4 Re6 16. Rd1 Ne5 17. Bb2 Qb6 18. Nce2 Bxe3 19. fxe3 Qxe3+ 20. Kh1 Nfg4 21.
Bd4 Nf2+ 22. Kg1 Nf3+ 23. gxf3 Qxf3 24. Bxf2 d4 25. Kf1 Rae8 26. Bxe8 d3 27.
Bxf7+ Kxf7 28. Qf4+ 1-0

[Event "Reykjavik Open 2013"]
[Site "Reykjavik ISL"]
[Date "2013.02.21"]
[Round "4.41"]
[White "Christiansen, Johan-Sebastian"]
[Black "Wang, Jue"]
[Result "0-1"]
[BlackTitle "WGM"]
[WhiteElo "2071"]
[BlackElo "2375"]
[WhiteFideId "1512668"]
[BlackFideId "8604070"]
[EventDate "2013.02.19"]

1. c4 g6 2. Nc3 Bg7 3. g3 c5 4. Bg2 Nc6 5. Nf3 e6 6. d3 Nge7 7. Bg5 h6 8. Bd2
O-O 9. Rb1 d5 10. a3 a5 11. O-O b6 12. Qc1 Kh7 13. Rd1 Bb7 14. e3 Rc8 15. b3 d4
16. exd4 Nxd4 17. Nxd4 Bxg2 18. Kxg2 Qxd4 19. Be1 Qd7 20. Qf4 f5 21. Nb5 g5 22.
Qf3 Ng6 23. Kg1 Ne5 24. Qg2 g4 25. Kh1 Nf3 26. Bd2 e5 27. Bc3 f4 28. b4 Rf5 29.
h4 Rh5 30. Qf1 Qc6 31. Qe2 Nxh4+ 32. Qe4+ Nf5+ 33. Kg2 Qd7 34. gxf4 exf4 35. Rg1
f3+ 36. Kf1 Re8 37. Qf4 Ng3+ 38. Rxg3 Qxd3+ 39. Kg1 Qxb1+ 0-1

[Event "Reykjavik Open 2013"]
[Site "Reykjavik ISL"]
[Date "2013.02.21"]
[Round "4.42"]
[White "Karlsson, Robin"]
[Black "Handler, Lukas"]
[Result "0-1"]
[BlackTitle "FM"]
[WhiteElo "1980"]
[BlackElo "2369"]
[WhiteFideId "1719637"]
[BlackFideId "1609580"]
[EventDate "2013.02.19"]

1. d4 Nf6 2. c4 e6 3. g3 d5 4. Nf3 Bb4+ 5. Bd2 Be7 6. Bg2 O-O 7. O-O c6 8. Qc2
b6 9. Bf4 Nbd7 10. Nc3 Ba6 11. Nd2 Nh5 12. Qa4 Bxc4 13. Qxc6 Nxf4 14. gxf4 b5
15. Nxc4 bxc4 16. Qa4 Nb6 17. Qc2 f5 18. e3 Kh8 19. Kh1 Nc8 20. Rg1 Nd6 21. Nb1
Rb8 22. Nd2 Qa5 23. Nf3 Nf7 24. Bf1 Rb4 25. Nd2 Rfb8 26. Qc3 Bh4 27. Rg2 Nd6 28.
Be2 Ra4 29. Nb1 Qxc3 30. Nxc3 Rab4 31. Nd1 a5 32. f3 Be1 33. Bf1 a4 34. Re2 Bh4
35. a3 Rb3 36. Rc1 Bd8 37. Rec2 Ba5 38. Be2 Kg8 39. Bf1 Kf7 40. h4 Bd8 41. Rh2
Ba5 42. Rhc2 Kf6 43. Kh2 Nb5 44. Kg3 g6 45. Rh2 c3 46. Rhc2 cxb2 47. Rxb2 Nxa3
48. Ra1 Rxb2 49. Nxb2 Rxb2 50. Rxa3 Be1+ 51. Kh3 Rb4 52. Be2 Bd2 53. Bd1 Bc1 54.
Rc3 Bb2 55. Rc7 a3 56. Ra7 Bc1 57. Ba4 Rb8 58. e4 fxe4 59. fxe4 dxe4 60. Kg4 h5+
61. Kg3 Rd8 62. Bc6 Rxd4 63. Be8 Rd3+ 64. Kg2 Bxf4 0-1

[Event "Reykjavik Open 2013"]
[Site "Reykjavik ISL"]
[Date "2013.02.21"]
[Round "4.43"]
[White "Miedema, David"]
[Black "Johansen, Stian"]
[Result "1-0"]
[WhiteTitle "IM"]
[WhiteElo "2364"]
[BlackElo "2090"]
[WhiteFideId "1018477"]
[BlackFideId "1508121"]
[EventDate "2013.02.19"]

1. Nf3 Nf6 2. c4 g6 3. Nc3 Bg7 4. g3 O-O 5. Bg2 c5 6. O-O Nc6 7. d4 cxd4 8. Nxd4
Nxd4 9. Qxd4 d6 10. Qd3 Qc7 11. b3 Bf5 12. Qe3 Rfd8 13. Bd2 Qd7 14. Rfd1 Bh3 15.
Bh1 Ng4 16. Qf3 Rab8 17. Rac1 Bd4 18. Be1 e5 19. e3 Bc5 20. Ne4 Ba3 21. Rc2 Qe7
22. Bg2 Bxg2 23. Kxg2 f5 24. h3 Nh6 25. Nc3 e4 26. Qe2 Nf7 27. Nd5 Qe6 28. Rc3
a5 29. Rc2 b6 30. Nc7 Qe7 31. Nb5 Bc5 32. a3 d5 33. cxd5 Bxa3 34. Rc7 Qf8 35.
Bc3 Bd6 36. Nxd6 Qxd6 37. Rc6 Qa3 38. Qd2 1-0

[Event "Reykjavik Open 2013"]
[Site "Reykjavik ISL"]
[Date "2013.02.21"]
[Round "4.44"]
[White "Kislik, Erik Andrew"]
[Black "Frick, Renato"]
[Result "1-0"]
[WhiteTitle "IM"]
[WhiteElo "2359"]
[BlackElo "2075"]
[WhiteFideId "2022702"]
[BlackFideId "12000027"]
[EventDate "2013.02.19"]

1. d4 Nf6 2. c4 d5 3. cxd5 Nxd5 4. e4 Nb6 5. Nc3 g6 6. Be3 Bg7 7. Qd2 O-O 8.
O-O-O Nc6 9. h4 h5 10. f4 Bg4 11. Nf3 Qd7 12. Qf2 Na5 13. Be2 Nac4 14. Ne5 Bxe5
15. dxe5 Qe6 16. Bxg4 Qxg4 17. Bc5 Rfe8 18. b3 Na5 19. Rh3 Kh7 20. f5 Rg8 21.
Rg3 Qxh4 22. Be3 Nc6 23. Bg5 Qh2 24. Bf4 Qh4 25. Bg5 Qh2 26. Ne2 Nxe5 27. Bf4 1-0